BIBLIOTECA PODER JUDICIAL
Portal Judicial TDF

La nueva sociedad internacional / (Registro nro. 2618)

000 -LEADER
fixed length control field 00706nam a22002297a 4500
003 - CONTROL NUMBER IDENTIFIER
control field OSt
005 - DATE AND TIME OF LATEST TRANSACTION
control field 20190422065206.0
008 - FIXED-LENGTH DATA ELEMENTS--GENERAL INFORMATION
fixed length control field 180320b xxu||||| |||| 00| 0 spa d
020 ## - INTERNATIONAL STANDARD BOOK NUMBER
International Standard Book Number 8425909309
040 ## - CATALOGING SOURCE
Transcribing agency PJ
100 ## - MAIN ENTRY--PERSONAL NAME
9 (RLIN) 3985
Personal name Mesa, Roberto
245 13 - TITLE STATEMENT
Title La nueva sociedad internacional /
Statement of responsibility, etc Roberto Mesa.
260 ## - PUBLICATION, DISTRIBUTION, ETC. (IMPRINT)
Place of publication, distribution, etc Madrid :
Name of publisher, distributor, etc Centro de Estudios Constitucionales,
Date of publication, distribution, etc 1992.
300 ## - PHYSICAL DESCRIPTION
Extent 271 p.
Dimensions 21 cm.
490 ## - SERIES STATEMENT
Series statement Estudios Políticos
Volume number/sequential designation 41
500 ## - GENERAL NOTE
General note Citas y notas bibliográficas a pie de página.
650 #0 - SUBJECT ADDED ENTRY--TOPICAL TERM
9 (RLIN) 348
Topical term or geographic name as entry element CIENCIAS POLITICAS
650 #0 - SUBJECT ADDED ENTRY--TOPICAL TERM
9 (RLIN) 500
Topical term or geographic name as entry element RELACIONES DIPLOMÁTICAS
650 #0 - SUBJECT ADDED ENTRY--TOPICAL TERM
9 (RLIN) 394
Topical term or geographic name as entry element DOCTRINAS POLITICAS
650 #0 - SUBJECT ADDED ENTRY--TOPICAL TERM
9 (RLIN) 734
Topical term or geographic name as entry element MARXISMO
942 ## - ADDED ENTRY ELEMENTS (KOHA)
Source of classification or shelving scheme
Koha item type Libros
Classification part 321
Item part MES
Existencias
Withdrawn status Lost status Source of classification or shelving scheme Damaged status Not for loan Permanent Location Current Location Date acquired Full call number Barcode Date last seen Price effective from Koha item type
          Biblioteca Poder Judicial Sur Biblioteca Poder Judicial Sur 2019-04-22 321 MES 1672 2019-04-22 2019-04-22 Libros

12 de Octubre 789 Ushuaia - Tel:  54(02901)441571
Horario de Atención: 8.00 a 17.00 hs. 
bibliotecaush@justierradelfuego.gov.ar
koha@justierradelfuego.gov.ar
Seguinos en nuestras redes @bibliojustdf 

Con tecnología Koha